Culture Générale - Statistiques

Statistiques générales
  • Ce quiz a été pris 220 fois
  • Le résultat moyen est 8 sur 10
Statistiques - réponses
Question Réponse % Correct
Quelle est la capitale de la Roumanie? Bucarest
100%
Parmi les villes suivantes,laquelle est à la fois en Asie et en Europe? Istanbul
100%
Lequel de ces surnoms est souvent donné à la ville de Paris? La Ville Lumière
100%
Qui devient Roi des Francs à l'âge de 15 ans en 481? Clovis
92%
Quel animal au Moyen Age était appelé le "goupil"? le renard
92%
Quelle est la première ville à s'être dotée du métro? Londres
92%
Quelle princesse est un personnage basé d'un conte de Charles Perrault? Cendrillon
83%
A quel réalisateur doit-on "Apocalypse Now"? Francis Ford Coppola
83%
Qui a écrit le roman "Au Bonheur des Dames"? Emile Zola
67%
Quel état des Etats-Unis a pour capitale "Montgomery"? L'Alabama
33%
Aucun quiz correspondant
Distribution des résultats
% des personnes avec chaque résultat
Percentile par nombre de réponses
Votre historique - résultats
Vous n’avez pas pris ce quiz